000 00354nam a2200145Ia 4500
008 230711s9999||||xx |||||||||||||| ||und||
041 _aENG
082 _a5
_bPO-P
100 _aPosavac
245 0 _aProgram evaluation
250 _a1st
260 _c1989
_aNew York
_bPrentice-Hall of India Private Limited
650 _aComputer Engineering
942 _cBK
999 _c572
_d572